Main Ingredient in Food Quiz - Statistics

General Stats
  • This quiz has been taken 244 times
  • The average score is 5 of 8
Answer Stats
Picture Hint Answer % Correct
Vegetable Potato
99%
Plant Cocoa
90%
Fruit Grape
73%
Dairy Milk
72%
Livestock Beef
66%
Plant Rice
40%
Bread Dough
31%
Element Carbon
23%
No matching quizzes found
Score Distribution
Percent of People with Each Score
Percentile by Number Answered
Your Score History
You have not taken this quiz